|
|
|
|
| LEADER |
00941cam a2200229 7i4500 |
| 001 |
0000023068 |
| 005 |
20090706090000.0 |
| 022 |
0 |
0 |
|a 1394-987X
|
| 090 |
0 |
0 |
|a M 690.025
|b MAL
|
| 245 |
2 |
0 |
|a Malaysia builders directory :
|b 2009/ 2010.
|
| 260 |
0 |
0 |
|a Shah Alam:
|b Marshall Cavendish,
|c 2009.
|
| 300 |
# |
# |
|a 372 p.
|
| 650 |
0 |
0 |
|a Surveyors --
|x Directories --
|z Malaysia
|
| 650 |
0 |
0 |
|a Building contractors --
|x Directories --
|z Malaysia
|
| 650 |
0 |
0 |
|a Construction industry --
|x Directories --
|z Malaysia
|
| 650 |
0 |
0 |
|a Developers --
|x Directories --
|z Malaysia
|
| 651 |
0 |
0 |
|a Malaysia
|
| 999 |
|
|
|a JHR000136H
|b Directories
|c Malaysia
|e MATRADE Southern Regional Office
|
| 999 |
|
|
|a PNG000847H
|b Directories
|c Malaysia
|e MATRADE Northern Regional Office
|
| 999 |
|
|
|a SBH000814H
|b Directories
|c Malaysia
|e MATRADE Sabah
|
| 999 |
|
|
|a SRW000240H
|b Directories
|c Malaysia
|e MATRADE Sarawak
|
| 999 |
|
|
|a TRG000124H
|b Directories
|c Malaysia
|e MATRADE Eastern Regional Office
|